000 00433nam a2200181Ia 4500
008 170705s9999 xx 000 0 und d
020 _a9780439867849
245 4 _aThe busy body book :
245 _ba kid's guide to fitness /
245 _cLizzy Rockwell.
260 _aNew York :
260 _bScholastic,
260 _c2004
300 _aunpaged :
300 _bcolor illustration ;
300 _c28cm.
500 _a680
999 _c336112
_d336112